000 01345nam a2200373 a 4500
001 ebr10070462
003 CaPaEBR
006 m u
007 cr cn|||||||||
008 961030r20021997enk sb 001 0 eng
010 _z 96048387
020 _z0415147964 (hb)
020 _z0415147972 (pb)
020 _z0203047923 (e-book)
040 _aCaPaEBR
_cCaPaEBR
035 _a(OCoLC)70743367
050 1 4 _aBD331
_b.C566 2002eb
082 0 4 _a301/.01
_221
100 1 _aCollin, Finn.
245 1 0 _aSocial reality
_h[electronic resource] /
_cFinn Collin.
260 _aLondon ;
_aNew York :
_bRoutledge,
_c2002.
300 _axiii, 252 p.
490 1 _aThe problems of philosophy
504 _aIncludes bibliographical references (p. 242-246) and index.
533 _aElectronic reproduction.
_bPalo Alto, Calif. :
_cebrary,
_d2009.
_nAvailable via World Wide Web.
_nAccess may be limited to ebrary affiliated libraries.
650 0 _aReality.
650 0 _aConstructivism (Philosophy)
650 0 _aOntology.
650 0 _aPhilosophy and social sciences.
655 7 _aElectronic books.
_2local
710 2 _aebrary, Inc.
830 0 _aProblems of philosophy (Routledge (Firm))
856 4 0 _uhttp://site.ebrary.com/lib/rucke/Doc?id=10070462
_zAn electronic book accessible through the World Wide Web; click to view
999 _c30655
_d30655